| 000 | 00000nam##2200000za#4500 |
| 001 | 9.688621 |
| 003 | CaOODSP |
| 005 | 20210624231519 |
| 007 | cr ||||||||||| |
| 008 | 150407|2006||||xxc|||||o f|0| 0 eng|d |
| 020 | |a0-662-43771-3 |
| 040 | |aCaOODSP|beng |
| 043 | |an-cn--- |
| 086 | 1 |aHS28-55/2006E-PDF |
| 110 | 1 |aCanada. |bHuman Resources and Social Development Canada. |
| 245 | 10|aFormative evaluation of youth employment strategy - final report |h[electronic resource] |
| 260 | |aOttawa - Ontario : |bHuman Resources and Social Development Canada |c2006. |
| 590 | |a13-08-Supp|b2013-04-02 |
| 690 | 07|aYouth|2gcpds |
| 690 | 07|aEmployment|2gcpds |
| 775 | 08|tÉvaluation formative de la Stratégie emploi jeunesse - rapport final |w(CaOODSP)9.633043 |
| 856 | 40|ahttp://publications.gc.ca|qPDF|s543 KB|uhttps://publications.gc.ca/collections/collection_2013/rhdcc-hrsdc/HS28-55-2006-eng.pdf |